| 000 | 00503nam a22001937a 4500 | ||
|---|---|---|---|
| 003 | ASAB | ||
| 005 | 20180827062715.0 | ||
| 008 | 161128t xxu||||| |||| 00| 0 eng d | ||
| 020 | _a81-7754-199-4 | ||
| 040 | _cASAB | ||
| 082 | _a632.58 | ||
| 100 |
_aO.P. Gupta _92336 |
||
| 245 |
_aweed management principles and practices _cO.P. Gupta |
||
| 250 | _asecond edition | ||
| 260 |
_aIndia. _bAgrobios (India) _c2003 |
||
| 300 |
_a293 P. _c21 cm |
||
| 630 |
_aWeed Management _93669 |
||
| 942 |
_2ddc _cBK |
||
| 999 |
_c480334 _d480334 |
||